Mach a Šebestová na cestách

Hlavní autor: Macourek, Miloš, 1926-2002
Další autoři: Pergl, Tomáš, Fišer, Luboš, 1935-1999, Fuchs, Jan, 1930-2007, Nárožný, Petr, 1938-
Jazyk: Čeština
Vydáno: Praha : Supraphon, p2000
Témata:
Fyzický popis: 1 MC : stereo, Dolby systém + 1 složený list.
Zvukové nahrávky
Uloženo v:
LEADER 01533njm a2200397 a 4500
001 000486432
003 CZ BrMZK
005 20081002105356.0
008 000105s2000 xr f cze d
028 0 3 |a SU 5263-4 831  |b Supraphon 
040 |a BOA001  |b cze 
072 7 |a 821-93  |x Literatura pro děti a mládež (beletrie)  |2 Konspekt  |9 26 
072 7 |a 821.162.3-3  |x Česká próza  |2 Konspekt  |9 25 
080 |a 821-93  |2 MRF 
080 |a 821.162.3-32  |2 MRF 
080 |a (0:82-32)  |2 MRF 
080 |a (086.7.053.2)  |2 MRF 
080 |a (086.7)  |2 MRF 
100 1 |a Macourek, Miloš,  |d 1926-2002  |7 jk01072813  |4 aut 
245 1 0 |a Mach a Šebestová na cestách  |h [zvukový záznam] /  |c Miloš Macourek ; hudba Luboš Fišer a Tomáš Pergl ; [režie Jan Fuchs]. 
260 |a Praha :  |b Supraphon,  |c p2000 
300 |a 1 MC :  |b stereo, Dolby systém +  |e 1 složený list. 
306 |a 011332 
500 |a Durata 73:32 
500 |a Nahr. 2000 
511 0 |a Vypraví: Petr Nárožný. 
655 7 |a české příběhy  |7 fd133973  |2 czenas 
655 7 |a zvukové záznamy pro děti a mládež  |7 fd186726  |2 czenas 
655 7 |a zvukové kazety  |7 fd186720  |2 czenas 
700 1 |a Pergl, Tomáš  |7 jx20040205018  |4 cmp 
700 1 |a Fišer, Luboš,  |d 1935-1999  |7 jn19981001173  |4 cmp 
700 1 |a Fuchs, Jan,  |d 1930-2007  |7 jk01032133  |4 cmp 
700 1 |a Nárožný, Petr,  |d 1938-  |7 jn19990209575  |4 prf 
910 |a BOA001  |b KZ-0008.852 
990 |a AV 
996 6 |b 261H002528  |c KZ-0008.852  |l MZK  |r Sklad / do 24 hodin  |n 0  |p p.v.  |w 000486432  |u 000010  |a 1  |e BOA001  |j MZK50  |s P